00806nam a22002417a 45000010005000000030006000050050017000110080041000280200018000690400029000870500014001160820008001301000018001382450034001562600038001903000049002284900039002775050008003165200182003245210020005065210020005266500018005464896FISKH20241023114140.0241023b cb ||||| |||| 00| 0 eng d a9780531241110 aFISKHbengcFISKHdFISKH aDS71.A627 a935 aApte, Sunita  aMesopotamia /cby Sunita Apte aNew York : bScholastic ;c2010 . a48 pages : bcolor illustrations ;c22 cm .  a True Books: Ancient Civilizations aX  aProvides information about Mesopotamia, discussing the importance of two rivers to the civilization, city-states, empires, ziggurats, reading, writing, and other related topics.8 a890 bLexile 8 aX bRaz-Plus  aIraqvHistory